Name That Youtuber - Statistics

General Stats
  • This quiz has been taken 57 times
  • The average score is 7 of 12
Answer Stats
Picture Answer % Correct
Mr Beast
98%
Pewdiepie
92%
Dude Perfect
86%
Dream
84%
Justin bieber
71%
Technoblade
67%
Preston
63%
Tommyinnit
55%
Airrack
51%
GeorgeNotfound
43%
BadboyHalo
37%
Andjobe
2%
No matching quizzes found
Score Distribution
Percent of People with Each Score
Percentile by Number Answered
Your Score History
You have not taken this quiz